000 00616 a2200181 4500
020 _a3540326960
020 _a9783540326960
082 _a515.7
090 _c1590
_d1590
100 1 _aAliprantis, Charalambos D.
245 1 0 _aInfinite dimensional analysis :
_ba hitchhiker's guide /
_cCharalambos D. Aliprantis, Kim C. Border.
250 _a3rd ed.
260 _a[S.l.] :
_bSpringer,
_c2007.
300 _a726 p. ;
_c24 cm.
700 _aBorder, Kim C
942 _aSNS
_cBK
_k515.7 ALI
999 _c30200
_d30200